000 00289nam a22001217a 4500
008 180313b xxu||||| |||| 00| 0 eng d
041 _aeng
080 _a32
100 _a21
101 _apol
245 _athe antifederalist critics of the constitution
_cturner.j
942 _2udc
_cBK
999 _c44840
_d44840